00314nam a2200121Ia 4500008004100000020001800041041000800059082001500067100001700082245002800099250000900127260005600136230717s9999 xx 000 0 und d a81-7534-447-4 aeng a173.3bSWA aSwarup J. L. aMaking Of A Good Lawyer a2ed. aNew DelhibUniversal Law Publishing Pvt. Ltd.c2005